| 000 | 00699nam a2200205 i 4500 | ||
|---|---|---|---|
| 001 | 31760 | ||
| 003 | ES-MaACL | ||
| 005 | 20230906154434.0 | ||
| 007 | t| | ||
| 008 | 030130s1944 sp ||||1| spa d | ||
| 100 | 1 |
_aBaumgardt, Rudolf. _926592 |
|
| 245 | 1 | 0 |
_aCarlos XII de Suecia _b: el héroe del norte / _cRudolf Baumgardt ; traducción del alemán por F. de Ocampo. |
| 250 | _a[1ª ed.]. | ||
| 260 |
_aBarcelona : _bIberia, _c[1944] ( _fAgustín Núñez) |
||
| 300 |
_a343 p., 6 lám. ; _c22 cm. |
||
| 600 | 1 | 4 |
_aCarlos _bXII _cRey de Suecia. _9126340 |
| 651 | 4 |
_aSuecia- _xHistoria- _y1697-1718, Carlos XII. _9159855 |
|
| 700 | 1 |
_aOcampo, F. de. _986438 |
|
| 852 |
_aES-MaACL _jC-5399 _bR.25660 |
||
| 999 |
_c31760 _d31760 |
||